| 000 | 00837cab a2200205 4500 | ||
|---|---|---|---|
| 001 | X1785 | ||
| 008 | 090401t1995 xxu||||| |||| 00| 0 eng d | ||
| 035 | _a(Sirsi) u19257 | ||
| 041 | _aeng | ||
| 245 | _aR v SoS for the Home Department ex parte Durhan CC | ||
| 260 | _c1995 | ||
| 350 | _a0 | ||
| 490 |
_aJournal of Planning and Environment Law _v1995 JPL 38-42(5)) |
||
| 520 | _aQBD 11 June 1993. Compulsory purchase order - day before inquiry land sold - status of new owner - was new owner a statutory objector? - costs awarded - opportunity to be heard at discretion of Inspector - costs award quashed. | ||
| 650 | _aCOMPULSORY PURCHASE ORDER | ||
| 650 | _aSTATUTORY OBJECTOR | ||
| 690 | _aENVIRONMENTAL AND LAND CONSULTANCY-PLANNING AND DEVELOPMENT-COMPULSORY PURCHASE AND COMPENSATION | ||
| 942 | _n0 | ||
| 948 | _c04/03/1997 | ||
| 999 |
_c12839 _d12839 |
||